Turbulence (Record no. 5373)

000 -LEADER
fixed length control field 00511nam a2200205 i 4500
001 - CONTROL NUMBER
control field 5373
003 - CONTROL NUMBER IDENTIFIER
control field BD-DhUET
008 - FIXED-LENGTH DATA ELEMENTS--GENERAL INFORMATION
fixed length control field 750220s1975 nyua b 001 0 eng
020 ## - INTERNATIONAL STANDARD BOOK NUMBER
International Standard Book Number 0070290377
040 ## - CATALOGING SOURCE
Original cataloging agency DLC
Transcribing agency DLC
Modifying agency BD-DhUET
082 00 - DEWEY DECIMAL CLASSIFICATION NUMBER
Classification number 532.56
Item number HIN/1975
100 1# - MAIN ENTRY--PERSONAL NAME
Personal name Hinze, J. O.
245 00 - TITLE STATEMENT
Title Turbulence
250 ## - EDITION STATEMENT
Edition statement 2nd ed.
260 ## - PUBLICATION, DISTRIBUTION, ETC. (IMPRINT)
Place of publication, distribution, etc. New York
Name of publisher, distributor, etc. McGraw-Hill
Date of publication, distribution, etc. 1975
300 ## - PHYSICAL DESCRIPTION
Extent x,790p.
Other physical details ill.
Dimensions 24 cm.
490 0# - SERIES STATEMENT
Series statement McGraw-Hill series in mechanical engineering
650 #0 - SUBJECT ADDED ENTRY--TOPICAL TERM
Topical term or geographic name as entry element Turbulence
942 ## - ADDED ENTRY ELEMENTS (KOHA)
Koha item type General Book
Holdings
Date acquired Koha normalized classification for sorting Not for loan Piece designation (barcode) Price effective from Koha issues (times borrowed) Lost status Damaged status Source of classification or shelving scheme Location (home branch) Koha date last borrowed Sublocation or collection (holding branch) Copy number Koha date last seen Koha full call number Shelving location Withdrawn status Koha item type
2014-11-26532_560000000000000_HIN_1975 638132014-11-26    Central Library, BUET Central Library, BUET12014-11-26532.56/HIN/1975Circulation section General Book
2014-11-26532_560000000000000_HIN_1975 638162014-11-26    Central Library, BUET Central Library, BUET22014-11-26532.56/HIN/1975Circulation section General Book
2014-12-07532_560000000000000_HIN_1975 443342014-12-07    Central Library, BUET Central Library, BUET32014-12-07532.56/HIN/1975Circulation section General Book
2014-12-07532_560000000000000_HIN_1975 638072014-12-07    Central Library, BUET Central Library, BUET42014-12-07532.56/HIN/1975Circulation section General Book
2014-12-07532_560000000000000_HIN_1975 638122014-12-071   Central Library, BUET2015-03-25Central Library, BUET52015-03-29532.56/HIN/1975Circulation section General Book
2014-12-07532_560000000000000_HIN_1975 638052014-12-07    Central Library, BUET Central Library, BUET62014-12-07532.56/HIN/1975Circulation section General Book
2014-12-07532_560000000000000_HIN_1975 638102014-12-07    Central Library, BUET Central Library, BUET72014-12-07532.56/HIN/1975Circulation section General Book
2014-12-07532_560000000000000_HIN_1975 638082014-12-07    Central Library, BUET Central Library, BUET82014-12-07532.56/HIN/1975Circulation section General Book
2014-12-07532_560000000000000_HIN_1975 638092014-12-07    Central Library, BUET Central Library, BUET92014-12-07532.56/HIN/1975Circulation section General Book
2014-12-07532_560000000000000_HIN_1975 638062014-12-071   Central Library, BUET2022-11-14Central Library, BUET102023-02-28532.56/HIN/1975Circulation section General Book
2014-12-07532_560000000000000_HIN_1975 638152014-12-071   Central Library, BUET2015-05-26Central Library, BUET112015-09-14532.56/HIN/1975Circulation section General Book
2015-03-09532_560000000000000_HIN_1975 391582015-03-09    Central Library, BUET Central Library, BUET122015-03-09532.56/HIN/1975Circulation section General Book
2015-06-07532_560000000000000_HIN_1975 589682015-06-07    Central Library, BUET Central Library, BUET132015-06-07532.56/HIN/1975Reading section Reading Item
2015-06-07532_560000000000000_HIN_1975 606532015-06-07    Central Library, BUET Central Library, BUET142015-06-07532.56/HIN/1975Reading section Reading Item
2015-06-23532_560000000000000_HIN_1975 527292015-06-23    Central Library, BUET Central Library, BUET152015-06-23532.56/HIN/1975Reading section Reading Item
1985-06-29532_560000000000000_HIN_1975 638112024-11-161   Central Library, BUET2024-11-27Central Library, BUET162024-11-27532.56 HIN/1975Circulation section General Book
2024-11-16532_560000000000000_HIN_1975  2024-11-16    Central Library, BUET Central Library, BUET 2024-11-16532.56 HIN/1975  General Book
2025-09-03532_560000000000000_HIN_1975 391592024-11-16    Central Library, BUET Central Library, BUET182024-11-16532.56 HIN/1975Circulation section General Book